000 00570nam a22002177a 4500
003 UA-OsUOA
001 48632
007 ta
008 20070911b un ||||| |||| 00| 0 ukr d
100 _aШпак В.
090 _a82
_bШ-12
942 _cSA
040 _aUA-OsUOA
_bukr
_cUA-OsUOA
_dUA-OsUOA
245 _a"Доба жорстока, як вовчиця"/ Про О. Ольжича
300 _aС.8-9
955 _a0
041 _aukr
080 _a82
773 0 _w48631
650 7 _a82 Література. Літературознавство
_2UDC
999 _c334734
_d334734